<?xml version="1.0" encoding="UTF-8"?>
<record
    xmlns:xsi="http://www.w3.org/2001/XMLSchema-instance"
    xsi:schemaLocation="http://www.loc.gov/MARC21/slim http://www.loc.gov/standards/marcxml/schema/MARC21slim.xsd"
    xmlns="http://www.loc.gov/MARC21/slim">

  <leader>00690nam a2200205Ia 4500</leader>
  <controlfield tag="005">20240524151559.0</controlfield>
  <controlfield tag="008">220524s9999    xx            000 0 und d</controlfield>
  <datafield tag="020" ind1=" " ind2=" ">
    <subfield code="a">9781780975696</subfield>
  </datafield>
  <datafield tag="041" ind1=" " ind2=" ">
    <subfield code="a">eng</subfield>
  </datafield>
  <datafield tag="082" ind1=" " ind2=" ">
    <subfield code="a">746.92</subfield>
    <subfield code="b">ANG</subfield>
  </datafield>
  <datafield tag="100" ind1=" " ind2=" ">
    <subfield code="a">Angus Emily</subfield>
    <subfield code="9">204431</subfield>
  </datafield>
  <datafield tag="245" ind1=" " ind2=" ">
    <subfield code="a">The Fashion Dictionary : A Visual Resource for Term, Techniques &amp; Styles</subfield>
  </datafield>
  <datafield tag="260" ind1=" " ind2=" ">
    <subfield code="b">Carlton Books</subfield>
    <subfield code="c">2015</subfield>
    <subfield code="a">London</subfield>
  </datafield>
  <datafield tag="300" ind1=" " ind2=" ">
    <subfield code="a">352</subfield>
  </datafield>
  <datafield tag="520" ind1=" " ind2=" ">
    <subfield code="a">&#x2022;	Fashion Terminology
&#x2022;	Styles and Components of Dress
&#x2022;	Design, Tailoring, and Stitching.
&#x2022;	Textiles and Embellishments
</subfield>
  </datafield>
  <datafield tag="650" ind1=" " ind2=" ">
    <subfield code="a">Fashion Design</subfield>
    <subfield code="9">180703</subfield>
  </datafield>
  <datafield tag="700" ind1=" " ind2=" ">
    <subfield code="a">Baudis Macushla</subfield>
    <subfield code="a">Woodcock Philippa</subfield>
    <subfield code="9">206571</subfield>
  </datafield>
  <datafield tag="906" ind1=" " ind2=" ">
    <subfield code="a">1242</subfield>
  </datafield>
  <datafield tag="942" ind1=" " ind2=" ">
    <subfield code="c">RF</subfield>
  </datafield>
  <datafield tag="999" ind1=" " ind2=" ">
    <subfield code="c">5900</subfield>
    <subfield code="d">5900</subfield>
  </datafield>
  <datafield tag="952" ind1=" " ind2=" ">
    <subfield code="0">0</subfield>
    <subfield code="1">0</subfield>
    <subfield code="2">ddc</subfield>
    <subfield code="4">0</subfield>
    <subfield code="7">0</subfield>
    <subfield code="a">SOFT</subfield>
    <subfield code="b">SOFT</subfield>
    <subfield code="d">2016-09-16</subfield>
    <subfield code="e">Pankaj Pub.International</subfield>
    <subfield code="g">2340.00</subfield>
    <subfield code="o">746.92 ANG</subfield>
    <subfield code="p">SOFT-BK-1241</subfield>
    <subfield code="r">2022-07-08 00:00:00</subfield>
    <subfield code="v">2340.00</subfield>
    <subfield code="w">2022-07-08</subfield>
    <subfield code="y">RF</subfield>
    <subfield code="z">001241</subfield>
  </datafield>
</record>
